000 00295nam a22001217a 4500
008 170222b xxu||||| |||| 00| 0 eng d
041 _aeng
080 _25TH
_a616.31
100 _a5
101 _aSHS
245 _aTHEORY AND PRACTICE OF CROWN AND BRIDGE PROSTHODONTICS
_cTYLMAN
942 _2udc
_cBK
999 _c6030
_d6030